000 00646nam a22002177a 4500
005 20211005133056.0
008 211005b ||||| |||| 00| 0 eng d
020 _a8176800325
040 _aIN-DiNC
_cIN-DiNC
041 _deng
082 _a338.5
_bGOE
100 _aGoel, JP
_eauthor
245 _aIntroduction to economics:
_bintroductory microeconomics and statistics for economics (Class XI) /
_cby JP Goel and H Goswami
250 _bV.1
260 _aDibrugarh:
_bTushar publishing house,
_c2021
300 _a540p.
650 _aMicroeconomics
650 _aStatistical economics
700 _aGoswami, H
_eauthor
942 _2ddc
_cBK
999 _c11198
_d11198